000 00633nam a2200253Ia 4500
005 20260121153849.0
008 008 260114s9999 xx 000 0 eng d
020 _a9781315584980
037 _aEBOOK
040 _aCRL
040 _beng
040 _cCRL
041 _2eng
041 _aeng
084 _qCRL
100 _aHannah Bradby; Gillian Lewando Hundt
_91000066
245 0 _aGlobal Perspectives on War, Gender and Health
260 _bTaylor and Francis
260 _c2010
856 _uhttp://www.taylorfrancis.com/books/9781315584980
942 _cEBOOK
999 _c1566887
_d1566887